Countries by Hottest Recorded Temperature - Statistics

General Stats
  • This quiz has been taken 113,588 times
    30,203 since last reset
  • The average score is 16 of 20
Answer Stats
°C °F Country % Correct
54.4 130.0 United States
95%
50.3 122.5 Egypt
92%
52.0 125.6 Saudi Arabia
90%
51.0 123.8 India
89%
52.0 125.6 Mexico
89%
53.7 128.7 Iran
87%
53.9 129.0 Iraq
86%
52.2 126.0 China
84%
51.3 124.3 Algeria
83%
51.6 124.9 Oman
82%
50.4 122.7 Morocco
81%
51.8 125.2 United Arab Emirates
80%
53.7 128.7 Pakistan
79%
50.7 123.3 Australia
78%
50.4 122.7 Qatar
78%
54.0 129.2 Kuwait
72%
50.0 122.0 Jordan
70%
50.1 122.2 Tunisia
69%
50.5 122.9 Turkey
69%
50.1 122.2 Turkmenistan
31%
No matching quizzes found
Score Distribution
Percent of People with Each Score
Percentile by Number Answered
Your Score History
You have not taken this quiz since the last reset